00905nam a2200229 i 4500001000700000003000900007005001700016008004100033017001700074020001800091100005400109245008800163260004800251300003300299490004500332504003600377600004200413830005000455852003000505999001900535952012100554171907ES-MaACL20251003195511.0090608s1983 sp |||| | spa d aM 19074-1983 a84-220-1103-41 aGonzález Martín, Marcelo, d1918-2004914060110aEnrique de Ossó b: la fuerza del sacerdocio / cpor Marcelo González Martín. aMadrid : bLa Editorial Católica, c1983. aXLI, 486 p., 1 h. ; c20 cm.1 aBiblioteca de autores cristianos ; v440 aBibliografía : p. [XXXV]-XLI.17aEnrique de Ossó, cSanto2914053200aBiblioteca de autores cristianosv4409178679 aES-MaACLjJ-429 9R.46092 c171907d171907 00104070aATENEOMbATENEOMcDEPO2d2009-06-08eDONl0oJ-429p1180411r2023-02-23 00:00:00w2023-02-23yMONOGRAFIA